书目信息 |
| 题名: |
意大利文艺复兴时期的文化
|
|
| 作者: | 布克哈特 著 ;何新 译 | |
| 分册: | ||
| 出版信息: | 北京 商务印书馆 1979 |
|
| 页数: | 593页 | |
| 开本: | 20cm | |
| 丛书名: | ||
| 单 册: | ||
| 中图分类: | K546.32 | |
| 科图分类: | ||
| 主题词: | 文化史--意大利--1300~1494 | |
| 电子资源: | ||
| ISBN: | ||
| 000 | 00698nam0 2200229 45 | |
| 001 | 0179007334 | |
| 005 | 20060424153616.26 | |
| 010 | @dCNY2.30 | |
| 091 | @a11017.259 | |
| 100 | @a20031212d km y0chiy0120 ea | |
| 101 | 1 | @achi@ceng |
| 102 | @aCN@b110000 | |
| 105 | @af z 000yy | |
| 200 | 10 | @a意大利文艺复兴时期的文化@Ayi da li wen yi fu xing shi qi de wen hua@f(瑞士)雅各布·布克哈特著@F(rui shi)ya ge bu·bu ke ha te zhu@g何新译 |
| 210 | @a北京@c商务印书馆@d1979 | |
| 215 | @a593页@c照片@d20cm | |
| 606 | @a文化史@y意大利@z1300~1494 | |
| 690 | @aK546.32@v3 | |
| 701 | 1 | @a布克哈特@Abu ke ha te@4著 |
| 702 | 0 | @a何新@Ahe xin@4译 |
| 801 | @aCN@bTSTC@c20060424 | |
| 905 | @dK546.32@e2 | |
| 意大利文艺复兴时期的文化/(瑞士)雅各布·布克哈特著/何新译.-北京:商务印书馆,1979 |
| 593页:照片;20cm |
| ISBN :CNY2.30 |
| ● |
| 相关链接 |
|
|
|
|
正题名:意大利文艺复兴时期的文化
索取号:K546.32/2
 
预约/预借
| 序号 | 登录号 | 条形码 | 馆藏地/架位号 | 状态 | 备注 |
| 1 | 0020036 | 001597276 | 密集书库/ [索取号:K546.32/2] | 在馆 | |
| 2 | 0020037 | 001659306 | 密集书库/ [索取号:K546.32/2] | 在馆 | |
| 3 | 0020038 | 001659342 | 密集书库/ [索取号:K546.32/2] | 在馆 | |
| 4 | 0020039 | 001868660 | 密集书库/ [索取号:K546.32/2] | 在馆 | |
| 5 | 0020040 | 001597356 | 密集书库/ [索取号:K546.32/2] | 在馆 | |
| 6 | 0020041 | 001597383 | 密集书库/ [索取号:K546.32/2] | 在馆 | |
| 7 | 0020042 | 001597392 | 密集书库/ [索取号:K546.32/2] | 在馆 | |
| 8 | 0020043 | 001918189 | 密集书库/ [索取号:K546.32/2] | 在馆 | |
| 9 | 0020044 | 001659253 | 密集书库/ [索取号:K546.32/2] | 在馆 | |
| 10 | 0020045 | 001394609 | 第二样本阅览室/ [索取号:K546.32/2] | 在馆 | |
| 11 | 0020046 | 001918143 | 密集书库/ [索取号:K546.32/2] | 在馆 | |
| 12 | 0020047 | 001868786 | 密集书库/ [索取号:K546.32/2] | 在馆 | |
| 13 | 0020048 | 001597347 | 密集书库/ [索取号:K546.32/2] | 在馆 | |
| 14 | 0020049 | 001659333 | 密集书库/ [索取号:K546.32/2] | 在馆 | |
| 15 | 0020050 | 001918107 | 密集书库/ [索取号:K546.32/2] | 在馆 | |
| 16 | 0020051 | 001918063 | 密集书库/ [索取号:K546.32/2] | 在馆 | |
| 17 | 0020052 | 001918027 | 密集书库/ [索取号:K546.32/2] | 在馆 | |
| 18 | 0020053 | 202282412 | 密集书库/ [索取号:K546.32/2] | 在馆 | |
| 19 | 0020054 | 001394645 | 第二借阅区/ [索取号:K546.32/2] | 在馆 | |
| 20 | 0023924 | 001659299 | 密集书库/ [索取号:K546.32/2] | 在馆 | |
| 21 | 0219353 | 001733100 | 密集书库/ [索取号:K546.32/2] | 在馆 | |
| 22 | 0219354 | 001733146 | 密集书库/ [索取号:K546.32/2] | 在馆 |